Central Library OPAC University of Rajshahi

তড়িৎ গতিবিজ্ঞান = [Electrodynamics] / (Record no. 47281)

MARC details
000 -LEADER
fixed length control field 01000nam a2200229 a 4500
001 - CONTROL NUMBER
control field 47281
003 - CONTROL NUMBER IDENTIFIER
rucl marc code BD-RjUL
005 - DATE AND TIME OF LATEST TRANSACTION
control field 20211209054304.0
008 - FIXED-LENGTH DATA ELEMENTS--GENERAL INFORMATION
fixed length control field 160808s1993 bg ||||| |||| 00| 0 ben d
020 ## - INTERNATIONAL STANDARD BOOK NUMBER
International Standard Book Number 9845160204
Terms of availability : Tk. 240.00
035 ## - SYSTEM CONTROL NUMBER
System control number (BD-RjUL)47400
040 ## - CATALOGING SOURCE
Original cataloging agency BD-RjUL
Language of cataloging ben
Transcribing agency BD-RjUL
Modifying agency BD-RjUL
041 ## - LANGUAGE CODE
Language code of text/sound track or separate title ben
082 ## - DEWEY DECIMAL CLASSIFICATION NUMBER
Edition number 23
Classification number 537.6
Author mark and year IST 1993
100 1# - MAIN ENTRY--PERSONAL NAME
Personal name ইসলাম, এ. কে. এম. আজহারুল
9 (RLIN) 116971
245 10 - TITLE STATEMENT
Title তড়িৎ গতিবিজ্ঞান = [Electrodynamics] /
Statement of responsibility, etc. এ. কে. এম. আজহারুল ইসলাম এবং শামসুন্নাহার ইসলাম
260 ## - PUBLICATION, DISTRIBUTION, ETC. (IMPRINT)
Place of publication, distribution, etc. রাজশাহী :
Name of publisher, distributor, etc. পাঠ্যপুস্তক প্রকাশনা বোর্ড,
Date of publication, distribution, etc. ১৯৯৩
300 ## - PHYSICAL DESCRIPTION
Pagination [১৪], ৫২২ পৃ. :
Illustrations চিত্র ;
Size ২০ সেমি.
650 ## - SUBJECT ADDED ENTRY--TOPICAL TERM
Topical term or geographic name as entry element তড়িৎগতিবিজ্ঞান
9 (RLIN) 143920
Topical term or geographic name as entry element Electrodynamics.
9 (RLIN) 143921
942 ## - ADDED ENTRY ELEMENTS (KOHA)
Source of classification or shelving scheme Dewey Decimal Classification
Koha item type Books
Holdings
Lost status Source of classification or shelving scheme Damaged status Not for loan Collection code Permanent Location Current Location Shelving location Date acquired Source of acquisition Cost, normal purchase price Total Checkouts Full call number Date last seen Copy number Koha item type Date checked out
  Dewey Decimal Classification     Non-fiction Central Library, University of Rajshahi Central Library, University of Rajshahi   16/11/1996 Chairman, Dept. of Physics 133.00   B 537.6 IST 1993 08/08/2016 C-2 Books  
  Dewey Decimal Classification     Non-fiction Central Library, University of Rajshahi Central Library, University of Rajshahi   16/11/1996 Chairman, Dept. of Physics 133.00   B 537.6 IST 1993 08/08/2016 C-3 Books  
  Dewey Decimal Classification     Non-fiction Central Library, University of Rajshahi Central Library, University of Rajshahi   16/11/1996 Chairman, Dept. of Physics 133.00   B 537.6 IST 1993 17/08/2016 C-4 Books  
  Dewey Decimal Classification     Non-fiction Central Library, University of Rajshahi Central Library, University of Rajshahi   16/11/1996 Chairman, Dept. of Physics 133.00   B 537.6 IST 1993 18/08/2016 C-5 Books  
  Dewey Decimal Classification     Non-fiction Central Library, University of Rajshahi Central Library, University of Rajshahi   16/11/1996 Chairman, Dept. of Physics 133.00 2 B 537.6 IST 1993 08/08/2017 C-6 Books 23/07/2017